000 00900cab a22002055a 4500
001 L143160
008 080414e20080404xxk f 000 0 eng d
035 _a(Sirsi) u143160
041 0 _aeng
100 1 _aLeftly, Mark
245 0 0 _aTick, tick, tick
260 _c2008
490 0 _aBuilding
_v273(8523) 4 April 2008, 28-29(2)
520 _aDiscusses the implications for PFI when government departments are required to adopt international accounting standards in 2009-10. The new guidelines will see billions of pounds of PFI projects appearing on the public sector balance sheet, thus threatening government's sustainable investment rule and jeopardising future PFI projects. Considers possible solutions to this problem, including the transfer of risk to the private sector.
590 _aKA
650 2 4 _aPFI
651 4 _aUnited Kingdom
_y
690 _aProcurement
_96260
942 _n0
999 _c80075
_d80075